[Event "Kolkata DBCA op 5th"]
[Site "Kolkata"]
[Date "2024.04.15"]
[Round "8"]
[White "Ujaan, Bhattacharya"]
[Black "Mayukh, Majumder1"]
[Result "0-1"]
[WhiteElo "1681"]
[BlackElo "1857"]
[PlyCount "122"]
[EventDate "2024.04.11"]
[EventType "swiss"]
[EventRounds "9"]
[EventCountry "IND"]
[SourceTitle "CB17_2024"]
[SourceDate "2024.04.24"]
[SourceVersion "1"]
[SourceVersionDate "2024.04.24"]
[SourceQuality "1"]

1. d4 d5 2. Nc3 Nf6 3. Bf4 c5 4. e4 cxd4 5. Qxd4 Nc6 6. Bb5 Bd7 7. Bxc6 Bxc6 8. e5 Nd7 9. e6 fxe6 10. Nf3 Qb6 11. Qd2 d4 12. Qxd4 Bxf3 13. Qxb6 Nxb6 14. gxf3 g6 15. Be5 Rg8 16. Ne4 Bh6 17. b3 Rf8 18. Ke2 Rf5 19. Bb2 Nd5 20. Bc1 Bg7 21. Rb1 Nc3+ 22. Nxc3 Bxc3 23. Be3 b5 24. Rhd1 Rc8 25. Bxa7 Be5 26. Rd2 Bxh2 27. c4 bxc4 28. b4 Ra8 29. Bd4 Rb5 30. Rh1 Bf4 31. Rxh7 Bxd2 32. Rh8+ Kd7 33. Rxa8 Bxb4 34. Ra4 Kc6 35. Ra8 Kd5 36. Rd8+ Bd6 37. Bc3 Rb1 38. Kd2 Rb7 39. a4 Rb8 40. Rxb8 Bxb8 41. a5 e5 42. Bb4 e6 43. Ba3 Ba7 44. Ke2 Kc6 45. Bb2 Bd4 46. Bc1 Kb5 47. f4 Kxa5 48. fxe5 Bxe5 49. Kd1 Kb4 50. Ke2 Bd4 51. f3 Kc5 52. Bf4 Kd5 53. Kd2 e5 54. Bg5 e4 55. fxe4+ Kxe4 56. Kc2 Kf5 57. Bh4 g5 58. Bxg5 Kxg5 59. Kc1 Kf4 60. Kc2 Ke3 61. Kc1 Kd3 0-1

[Event "IND-ch U19"]
[Site "Ahmedabad"]
[Date "2023.09.20"]
[Round "1"]
[White "Lad, Mandar Pradip"]
[Black "Ujaan, Bhattacharya"]
[Result "1-0"]
[WhiteElo "1959"]
[BlackElo "1462"]
[PlyCount "111"]
[EventDate "2023.09.20"]
[EventType "swiss"]
[EventRounds "11"]
[EventCountry "IND"]
[SourceTitle "EXT 2024"]
[Source "ChessBase"]
[SourceDate "2023.10.10"]
[SourceVersion "1"]
[SourceVersionDate "2023.10.10"]
[SourceQuality "1"]

1. d4 Nf6 2. Bf4 d5 3. Nc3 a6 4. e3 e6 5. Nf3 c5 6. dxc5 Bxc5 7. Bd3 Bd6 8. 0-0 Nc6 9. Bg5 Be7 10. Qe2 h6 11. Bh4 Ne4 12. Bxe4 Bxh4 13. Bd3 Bf6 14. Rad1 Bxc3 15. bxc3 0-0 16. e4 Qa5 17. Qe3 Kh8 18. c4 dxc4 19. Bxc4 Rd8 20. e5 Bd7 21. Qe4 Qa4 22. Rd6 Na5 23. Bd3 Qxe4 24. Bxe4 Bc6 25. Bxc6 Nxc6 26. c4 Kg8 27. c5 Kf8 28. Rb1 Na5 29. Nd2 Rac8 30. f4 Ke7 31. Ne4 f5 32. exf6+ gxf6 33. Rbb6 Rxd6 34. cxd6+ Kd8 35. Nxf6 Rc6 36. Rxc6 Nxc6 37. g4 b5 38. h4 Nd4 39. Kf2 h5 40. g5 Nf5 41. g6 b4 42. Ke2 a5 43. Kd2 a4 44. Kc2 Ng7 45. Kd3 Nf5 46. Nxh5 Ke8 47. g7 Nh6 48. Nf6+ Kd8 49. Kc4 b3 50. axb3 a3 51. Kc3 e5 52. fxe5 a2 53. Kb2 a1R 54. e6 Re1 55. e7+ Kc8 56. d7+ 1-0